Normal view
MARC view
- Petersen, Sandra Wiggins,
Entry Personal Name
001 - CONTROL NUMBER
- control field: 36299
003 - CONTROL NUMBER IDENTIFIER
- control field: OSt
005 - DATE AND TIME OF LATEST TRANSACTION
- control field: 20141022115006.0
008 - FIXED-LENGTH DATA ELEMENTS
- fixed length control field: 141022|| aca||aabn | a|a d
040 ## - CATALOGING SOURCE
- Original cataloging agency: OSt
100 1# - HEADING--PERSONAL NAME
- Personal name: Petersen, Sandra Wiggins,
- Dates associated with a name: 1955-